[Event "Wch U16 Girls"]
[Site "Maribor"]
[Date "2012.11.10"]
[Round "3.47"]
[White "Caka, Olta"]
[Black "Ozturk, Hilal"]
[Result "0-1"]
[WhiteElo "1423"]
[BlackElo "1818"]
[PlyCount "120"]
[EventDate "2012.11.08"]
[EventType "swiss"]
[EventRounds "11"]
[EventCountry "SLO"]
[SourceTitle "EXT 2013"]
[Source "ChessBase"]
[SourceDate "2012.11.22"]
[SourceVersion "1"]
[SourceVersionDate "2012.11.22"]
[SourceQuality "1"]

1. e4 e5 2. Nf3 Nc6 3. Bb5 a6 4. Ba4 Nf6 5. 0-0 Be7 6. Re1 b5 7. Bb3 d6 8. c3 0-0 9. h3 Na5 10. Bc2 c5 11. d4 Qc7 12. Nbd2 cxd4 13. cxd4 Nc6 14. d5 Na5 15. Nf1 Bd7 16. Bd3 Rac8 17. Ng3 Qb8 18. b3 Rfe8 19. Bg5 Kh8 20. Qd2 Nb7 21. b4 Ng8 22. Be3 Nd8 23. Rac1 f6 24. Nh4 Nf7 25. Nhf5 Bd8 26. Rxc8 Bxc8 27. Rc1 Bd7 28. Kh1 Bb6 29. Bxb6 Qxb6 30. Qe3 Qb7 31. f4 g6 32. fxe5 gxf5 33. e6 Ng5 34. exd7 Qxd7 35. Qf4 fxe4 36. Nxe4 Nxh3 37. Qh4 Ng5 38. Nxg5 fxg5 39. Qxg5 Re5 40. Qh4 Rxd5 41. Be4 Rd4 42. Qe1 Qe7 43. Qc3 Qg7 44. Qe3 Rxe4 45. Qxe4 Qh6+ 46. Kg1 Qxc1+ 47. Kf2 Qc3 48. Qb7 Qb2+ 49. Kf1 Qxa2 50. Qb6 Qb1+ 51. Kf2 Qxb4 52. Qxa6 Qc5+ 53. Kf1 d5 54. Qe6 d4 55. Ke1 b4 56. g4 Qc3+ 57. Kd1 d3 58. Qe3 b3 59. g5 Qc2+ 60. Ke1 Qe2+ 0-1

[Event "Olympiad Women-40"]
[Site "Istanbul"]
[Date "2012.09.09"]
[Round "11.4"]
[White "Pham, Duc Tri1111"]
[Black "Ozturk, Hilal"]
[Result "1-0"]
[WhiteElo "2172"]
[BlackElo "1806"]
[PlyCount "79"]
[EventDate "2012.08.28"]
[EventType "team-swiss"]
[EventRounds "11"]
[EventCountry "TUR"]
[SourceTitle "CBM 150 Extra"]
[Source "ChessBase"]
[SourceDate "2012.10.19"]
[SourceVersion "1"]
[SourceVersionDate "2012.10.19"]
[SourceQuality "1"]
[WhiteTeam "Vietnam (W)"]
[BlackTeam "Turkey 2016 (W)"]
[WhiteTeamCountry "VIE"]
[BlackTeamCountry "TUR"]

1. c4 e5 2. Nc3 Nc6 3. g3 g6 4. Bg2 Bg7 5. e4 d6 6. Nge2 f5 7. d3 Nf6 8. 0-0 0-0 9. Nd5 h6 10. h3 Kh7 11. Kh2 Be6 12. Be3 Qd7 13. Qd2 Rf7 14. Rae1 Rg8 15. b3 g5 16. exf5 Bxf5 17. Nxf6+ Rxf6 18. d4 Rff8 19. dxe5 Nxe5 20. Nd4 Bd3 21. Rg1 Bg6 22. Bd5 Bf7 23. Be4+ Bg6 24. Bd5 Bf7 25. Qc2+ Kh8 26. Be4 Bf6 27. Nf5 Bg6 28. g4 Bxf5 29. gxf5 Qh7 30. f4 Nf7 31. Bxb7 gxf4 32. Bxf4 Ne5 33. Be4 Nf7 34. Bd5 Rxg1 35. Rxg1 Ng5 36. h4 Nf7 37. Rg6 Be5 38. Qe4 Re8 39. Bxf7 Qxf7 40. Rxh6+ 1-0

[Event "Olympiad Women-40"]
[Site "Istanbul"]
[Date "2012.09.01"]
[Round "5.3"]
[White "Ozturk, Hilal"]
[Black "Stojkovska, Monika"]
[Result "1/2-1/2"]
[WhiteElo "1806"]
[BlackElo "1939"]
[PlyCount "116"]
[EventDate "2012.08.28"]
[EventType "team-swiss"]
[EventRounds "11"]
[EventCountry "TUR"]
[SourceTitle "CBM 150 Extra"]
[Source "ChessBase"]
[SourceDate "2012.10.19"]
[SourceVersion "1"]
[SourceVersionDate "2012.10.19"]
[SourceQuality "1"]
[WhiteTeam "Turkey 2016 (W)"]
[BlackTeam "Macedonia (W)"]
[WhiteTeamCountry "TUR"]
[BlackTeamCountry "MKD"]

1. e4 c5 2. c3 d5 3. exd5 Qxd5 4. d4 Nf6 5. Nf3 Bg4 6. Be2 e6 7. h3 Bh5 8. 0-0 Nc6 9. Be3 cxd4 10. cxd4 Be7 11. Nc3 Qd6 12. Qb3 0-0 13. Rfd1 Rfd8 14. a3 Rac8 15. Rac1 Qb8 16. d5 Nxd5 17. Nxd5 exd5 18. Rxd5 Rxd5 19. Qxd5 Bg6 20. Qc4 Rd8 21. Nd4 Nxd4 22. Bxd4 Bd6 23. Bf3 Bf5 24. Qc3 Rc8 25. Qd2 Re8 26. Qa5 Bf4 27. Bxa7 Qa8 28. Re1 Be6 29. Qb4 Bg5 30. Bc5 Rb8 31. Bd6 Rd8 32. Bxb7 Qa7 33. Bc5 Qb8 34. Bf3 Bd2 35. Qxb8 Rxb8 36. Rd1 Rxb2 37. Bb4 Bxb4 38. axb4 Kf8 39. Rd4 Ke7 40. Bc6 Kf6 41. b5 Ke5 42. Rd8 Bc4 43. g3 Ke6 44. Rb8 Kd6 45. Kg2 Rb3 46. g4 Kc5 47. Rb7 Rxb5 48. Rxb5+ Bxb5 49. Bxb5 Kxb5 50. Kf3 Kc5 51. Ke4 Kd6 52. Kf5 f6 53. g5 fxg5 54. Kxg5 Ke6 55. h4 Kf7 56. Kf5 Ke7 57. Ke5 Kf7 58. Kf5 Ke7 1/2-1/2

[Event "TUR-chT"]
[Site "Konya"]
[Date "2012.07.18"]
[Round "8"]
[White "Ozturk, Hilal"]
[Black "Abdimanoglu, Beste Basak"]
[Result "1-0"]
[WhiteElo "1852"]
[BlackElo "1776"]
[PlyCount "67"]
[EventDate "2012.07.11"]
[EventType "team-tourn"]
[EventRounds "13"]
[EventCountry "TUR"]
[SourceTitle "CBM 149 Extra"]
[Source "ChessBase"]
[SourceDate "2012.08.24"]
[SourceVersion "1"]
[SourceVersionDate "2012.08.24"]
[SourceQuality "1"]
[WhiteTeam "Istanbul Teknik Uni"]
[BlackTeam "Besiktas Jimnastik"]
[WhiteTeamCountry "TUR"]
[BlackTeamCountry "TUR"]

1. e4 e5 2. Nf3 Nc6 3. Bb5 a6 4. Ba4 Nf6 5. 0-0 Be7 6. Re1 b5 7. Bb3 0-0 8. a4 Bb7 9. d3 d5 10. exd5 Nxd5 11. Nxe5 Nxe5 12. Rxe5 Bd6 13. Rxd5 Bxd5 14. Bxd5 Bxh2+ 15. Kxh2 Qxd5 16. Nc3 Qd6+ 17. g3 f5 18. axb5 a5 19. Bf4 Qc5 20. Qf3 Kh8 21. Kg2 Rfd8 22. Rh1 g6 23. Bg5 Rf8 24. Nd5 Rae8 25. Bf6+ Kg8 26. Bc3 Re6 27. Bxa5 c6 28. Bb4 Qxd5 29. Qxd5 cxd5 30. Bxf8 Kxf8 31. Rxh7 Rb6 32. c4 dxc4 33. dxc4 Kg8 34. Rc7 1-0